000 00448nam a2200181Ia 4500
001 8366
005 20260306160604.0
008 260306t2013||||xx |||||||||||||| ||spa||
041 _aESP
082 _a370.7
_bH87
100 _aHuertas, Juan Antonio
_eAUT
245 0 _aLa interacción en el aula:
_baprender con los demás
260 _c2013
300 _a215 páginas :
_c24 cm.
650 _aGEN
654 _aCED
942 _cLIB
_dJUS
_fJUS
_2ddc
_n
999 _c8366
_d8366